书目信息 |
| 题名: |
周世宗
|
|
| 作者: | 陈开树 , 王一川 著 | |
| 分册: | ||
| 出版信息: | 北京 中华书局 1981 |
|
| 页数: | 32页 | |
| 开本: | 19cm | |
| 丛书名: | 中国历史小丛书 | |
| 单 册: | ||
| 中图分类: | K827=43 , K-5 | |
| 科图分类: | ||
| 主题词: | 历史 , 地理 | |
| 电子资源: | ||
| ISBN: | ||
| 000 | 00739oam2 2200277 450 | |
| 001 | 1560433492 | |
| 005 | 20150126164750.82 | |
| 091 | @a110181077@dCNY0.10 | |
| 100 | @a20060218d1981 em y0chiy0121 ea | |
| 101 | 0 | @achi |
| 102 | @aCN@b110000 | |
| 105 | @af z 000yb | |
| 200 | 1 | @a周世宗@9zhou shi zong@f陈开树,王一川著 |
| 210 | @a北京@c中华书局@d1981 | |
| 215 | @a32页@c图@d19cm | |
| 225 | 2 | @a中国历史小丛书@9zhong guo li shi xiao cong shu |
| 461 | 0 | @12001 @a中国历史小丛书 |
| 600 | 0 | @a周世宗@x传记 |
| 606 | 0 | @a历史 |
| 606 | 0 | @a地理 |
| 690 | @aK827=43@v5 | |
| 690 | @aK-5@v4 | |
| 701 | 0 | @a陈开树@9chen kai shu@4著 |
| 701 | 0 | @a王一川@9wang yi chuan@4著 |
| 801 | 0 | @aCN@bTSSF@c20150126 |
| 905 | @aZUCC@dK-5@eJY18 | |
| 周世宗/陈开树,王一川著.-北京:中华书局,1981 |
| 32页:图;19cm.-(中国历史小丛书) |
| ISBN : |
| ● |
| 相关链接 |
|
|
|
|
正题名:周世宗
索取号:K-5/JY18
 
预约/预借
| 序号 | 登录号 | 条形码 | 馆藏地/架位号 | 状态 | 备注 |
| 1 | 7838418 | 278384188 | 学院路分馆/ [索取号:K-5/JY18] | 在馆 |